005130000a220008500045001000026000002450028000263000049000545200279001037730045003821 aSalazar, Jorge Iván10aLas armas en las letras aVol.0, núm.0 (Abril, 2007), Páginas 7-17 aMuchas grandes novelas han abordado el tema de la guerra, porque en ella se manifiestan los duros extremos de la condición humana. Presentamos una selección de novelas que retratan algunos conflictos de la historia y el lugar que en ellos ocupa el corazón del hombre.0 tArcadia / Andrés Felipe Solano, Editor